| 000 | 00501cam a2200217ua 4500 | ||
|---|---|---|---|
| 020 | _cRs. 5.00 | ||
| 041 |
_aeng _h |
||
| 082 |
_a531 _bVAR/GU |
||
| 100 | _aVarghees, P I . | ||
| 245 | _aGuide to mechanics | ||
| 260 |
_aTrichur : _bMaharajas technological institute , _c1967. |
||
| 300 | _a114 ; . | ||
| 365 | _aRs. 5.00 | ||
| 504 | _a | ||
| 700 | 1 | _aLatheef, . | |
| 942 | _cBK | ||
| 999 |
_c1346 _d1346 |
||